Motivation And Work Behavior / (Record no. 27242)

000 -LEADER
fixed length control field 00895nam a22002657a 4500
001 - CONTROL NUMBER
control field 0000002059
003 - CONTROL NUMBER IDENTIFIER
control field PPM
005 - DATE AND TIME OF LATEST TRANSACTION
control field 20260429161804.0
008 - FIXED-LENGTH DATA ELEMENTS--GENERAL INFORMATION
fixed length control field 260429b ||||| |||| 00| 0 eng d
020 ## - INTERNATIONAL STANDARD BOOK NUMBER
International Standard Book Number 0070609489
Terms of availability RM 28.80
Qualifying information Paperback
035 ## - SYSTEM CONTROL NUMBER
System control number 0000002059
040 ## - CATALOGING SOURCE
Language of cataloging Eng
Transcribing agency Pusat Penyelidikan Mineral, Jabatan Mineral Dan Geosains Malaysia
Modifying agency PPM
Description conventions RDA
082 00 - DEWEY DECIMAL CLASSIFICATION NUMBER
Edition number 19
Classification number 658.314
Item number STE 1987
100 1# - MAIN ENTRY--PERSONAL NAME
Personal name Steers, Richard M.
Relator term author
245 10 - TITLE STATEMENT
Title Motivation And Work Behavior /
Statement of responsibility, etc. by Richard M. Steers, Lyman W. Porter
250 ## - EDITION STATEMENT
Edition statement 4th.ed.
260 #1 - PUBLICATION, DISTRIBUTION, ETC.
Place of publication, distribution, etc. New York :
Name of publisher, distributor, etc. McGraw-Hill.,
Date of publication, distribution, etc. 1987
300 00 - PHYSICAL DESCRIPTION
Extent xii, 595 pages .:
Other physical details illustrations .:
Dimensions 21 cm
440 0# - SERIES STATEMENT/ADDED ENTRY--TITLE
Title McGraw-Hill series in management
504 ## - BIBLIOGRAPHY, ETC. NOTE
Bibliography, etc. note Includes bibliographies and indexes.
650 10 - SUBJECT ADDED ENTRY--TOPICAL TERM
Topical term or geographic name entry element Employee motivation
650 20 - SUBJECT ADDED ENTRY--TOPICAL TERM
Topical term or geographic name entry element Psychology, Industrial.
700 1# - ADDED ENTRY--PERSONAL NAME
Personal name Porter, Lyman W.
Relator term joint author
942 ## - ADDED ENTRY ELEMENTS (KOHA)
Source of classification or shelving scheme
Koha item type Books
Holdings
Withdrawn status Lost status Source of classification or shelving scheme Damaged status Not for loan Collection code Permanent Location Current Location Shelving location Date acquired Cost, normal purchase price Total Checkouts Full call number Date last seen Price effective from Koha item type
Available         Open Shelf PPM PPM Open Shelf 29/04/2026 28.80   658.314 STE 1987 29/04/2026 29/04/2026 Books